| 000 -CABECERA |
| Longitud fija campo de control |
01194nam a2200217 a 4500 |
| 003 - IDENTIFICADOR DEL NÚMERO DE CONTROL |
| Identificador del número de control |
OSt |
| 005 - FECHA Y HORA DE LA ÚLTIMA TRANSACCIÓN |
| Fecha y hora de la última transacción |
20241118130403.0 |
| 008 - CÓDIGOS DE INFORMACIÓN DE LONGITUD FIJA |
| Códigos de información de longitud fija |
130130s2009||||||||||||||||||||||||||||d |
| 040 ## - FUENTE DE LA CATALOGACIÓN |
| Centro catalogador de origen |
CDMR |
| Lengua de catalogación |
cat |
| Centro transcriptor |
CDMR |
| 110 2# - PUNTO DE ACCESO PRINCIPAL-NOMBRE DE ENTIDAD CORPORATIVA |
| 9 (RLIN) |
133 |
| Nombre de entidad corporativa o nombre de jurisdicción como elemento inicial |
Col·legi de Periodistes de Catalunya |
| 245 #0 - MENCIÓN DE TÍTULO |
| Título |
Criteris sobre el tractament de les violències masclistes als mitjans de comunicació [Recurs electrònic] |
| Mención de responsabilidad, etc. |
/ Col·legi de Periodistes de Catalunya i Associació de Dones Periodistes de Catalunya [entitats impulsores] |
| 260 ## - PUBLICACIÓN, DISTRIBUCIÓN, ETC. (PIE DE IMPRENTA) |
| Lugar de publicación, distribución, etc. |
[Barcelona] |
| Nombre del editor, distribuidor, etc. |
: Col·legi de Periodistes de Catalunya |
| Fecha de publicación, distribución, etc. |
, 2022 |
| 300 ## - DESCRIPCIÓN FÍSICA |
| Extensión |
16 pàgines |
| 505 ## - NOTA DE CONTENIDO CON FORMATO |
| Nota de contenido con formato |
Actualització de les Recomanacions de 2009. Al final conté un "Recull de recomanacions sobre el tractament de la “violència masclista/de gènere/contra les dones” als mitjans de comunicació a nivell espanyol" |
| 650 #0 - PUNTO DE ACCESO ADICIONAL DE MATERIA - TÉRMINO DE MATERIA |
| 9 (RLIN) |
3818 |
| Término de materia o nombre geográfico como elemento inicial |
Mitjans de comunicació de massa i dones |
| 650 #0 - PUNTO DE ACCESO ADICIONAL DE MATERIA - TÉRMINO DE MATERIA |
| 9 (RLIN) |
4838 |
| Término de materia o nombre geográfico como elemento inicial |
Violència envers les dones en els mitjans de comunicació de massa |
| 650 #0 - PUNTO DE ACCESO ADICIONAL DE MATERIA - TÉRMINO DE MATERIA |
| 9 (RLIN) |
983 |
| Término de materia o nombre geográfico como elemento inicial |
Ètica periodística |
| 710 2# - PUNTO DE ACCESO ADICIONAL - NOMBRE DE ENTIDAD |
| 9 (RLIN) |
855 |
| Nombre de entidad o nombre de jurisdicción como elemento inicial |
Associació de Dones Periodistes de Catalunya |
| 856 ## - LOCALIZACIÓN Y ACCESO ELECTRÓNICO |
| Identificador Uniforme del Recurso (URI) |
<a href="https://omeka.periodistes.cat/items/show/675">https://omeka.periodistes.cat/items/show/675</a> |
| Nota pública |
Accessible en línia |
| 942 ## - ENTRADA DE ELEMENTOS AGREGADOS (KOHA) |
| Koha [por defecto] tipo de item |
Recursos en línia |
| Fuente de clasificaión o esquema |
|